Vzťah medzi strategickým plánovaním a prípravou rozpočtov

Strategické riadenie firmy, tvorba stratégie a samozrejme aj strategické plánovanie patria medzi zásadné prvky riadenia každej firmy. Použitie uceleného systému strategického plánovania sa vzhľadom k veľmi rýchlo a dynamicky sa meniacemu trhovému prostrediu stalo v dnešnej dobe nutnosťou. Dnes si už...

Celý popis

Uložené v:
Podrobná bibliografia
Hlavný autor: Hyránek, Eduard, 1955-
Ďalší autori: Sochor, Milan
Médium: Kapitola
Jazyk:Slovak
Predmet:
Tagy: Pridať tag
Žiadne tagy, Buďte prvý, kto otaguje tento záznam!

MARC

LEADER 00000nla$a2200000$$$4500
001 0103271
005 20240605110937.8
041 0 |a slo 
044 |a SK 
245 1 0 |a Vzťah medzi strategickým plánovaním a prípravou rozpočtov  |c Eduard Hyránek, Milan Sochor 
520 |a Strategické riadenie firmy, tvorba stratégie a samozrejme aj strategické plánovanie patria medzi zásadné prvky riadenia každej firmy. Použitie uceleného systému strategického plánovania sa vzhľadom k veľmi rýchlo a dynamicky sa meniacemu trhovému prostrediu stalo v dnešnej dobe nutnosťou. Dnes si už manažment nevystačí iba s intuitívnym rozhodovaním. 
610 2 0 |a plánovanie strategické 
610 2 0 |a riadenie strategické 
610 2 0 |a forfaiting 
610 2 0 |a plán strategický 
610 2 0 |a rozpočty 
610 2 0 |a plán finančný 
610 2 0 |a ukazovatele makroekonomické 
610 2 0 |a prostredie ekonomické 
100 1 |a Hyránek, Eduard, 1955- 
700 1 |a Sochor, Milan